000 00704nam a2200277Ia 4500
003 OSt
005 20221006144545.0
006 a|||||r|||| 00| 0
007 ta
008 221006b |||||||| |||| 00| 0 eng d
020 _c18.00
024 _a11,959
037 _cTextual
040 _aEASL
_cEASL
_beng
041 _2eng
_aeng
082 _aV4:1.N4, G5
100 _aMOGI Sobei
_9108921
245 0 _aProblem of the far east
260 _aLondon
_bVictor Gollancz
_c1935
300 _a348p.
_ccm.
490 _v Gen
650 _aGen
700 _a REDMAN H. Vere
_9648556
942 _hV4:1.N4, G5
_cTEXL
_2CC
999 _c1080045
_d1080045